| 000 | 009750am a2200253 004500 | ||
|---|---|---|---|
| 008 | 071212s1999 flua bf 001 0 eng | ||
| 020 | _a0849375606 (alk. paper) | ||
| 040 |
_aDLC _c DLC _d DLC |
||
| 050 | 0 | 0 |
_aQC476.7 _b.P48 1999 |
| 092 | 0 | 4 |
_a620.11295 _bP5751 _221 |
| 099 |
_a04 _a620.11295 P5751 |
||
| 245 | 0 | 0 |
_aPhosphor handbook / _cedited under the auspices of Phosphor Research Society ; editorial committee co-chairs Shigeo Shionoya, William M. Yen ; members Takashi Hase ... [et al.]. |
| 260 |
_aBoca Raton, FL : _bCRC Press, _cc1999. |
||
| 300 |
_a921 p. : _bill. ; _c27 cm. |
||
| 504 | _aIncludes bibliographical references and indexes. | ||
| 650 | 0 |
_aPhosphors _vHandbooks, manuals, etc. |
|
| 650 | 0 |
_aPhosphors _xIndustrial applications _vHandbooks, manuals, etc. |
|
| 710 | 2 | _aPhosphor Research Society. | |
| 902 | _a1 | ||
| 905 |
_aEman _eRev |
||
| 905 |
_aIbrahim _eCat |
||
| 942 |
_2ddc _cBK |
||
| 999 |
_c103642 _d103642 |
||